[Event "GER-chT Universities"]
[Site "Augsburg"]
[Date "2010.10.10"]
[Round "6.4"]
[White "Sedelmayr, Werner"]
[Black "Woniak, Katarzyna"]
[Result "1/2-1/2"]
[WhiteElo "1660"]
[BlackElo "1953"]
[PlyCount "93"]
[EventDate "2010.10.06"]
[EventType "team-swiss"]
[EventRounds "6"]
[EventCountry "GER"]
[SourceTitle "EXT 2016"]
[Source "ChessBase"]
[SourceDate "2015.10.08"]
[SourceVersion "1"]
[SourceVersionDate "2015.10.08"]
[SourceQuality "1"]
[WhiteTeam "Augsburg Uni III"]
[BlackTeam "Augsburg Uni"]
[WhiteTeamCountry "GER"]
[BlackTeamCountry "GER"]

1. e4 g6 2. d4 Bg7 3. Nc3 c6 4. f4 d5 5. e5 h5 6. Be3 Nh6 7. Nf3 Bg4 8. h3 Bf5 9. Bd3 e6 10. Qd2 Nd7 11. 0-0-0 Bxd3 12. Qxd3 h4 13. Bf2 Nf5 14. Ne2 Bh6 15. Qd2 Nb6 16. Kb1 Nc4 17. Qc1 Bf8 18. g4 hxg3 19. Nxg3 Nxg3 20. Bxg3 Qb6 21. Ka1 a5 22. Rd3 a4 23. a3 Qa7 24. Bf2 b5 25. Nd2 b4 26. h4 Qb7 27. Nxc4 dxc4 28. Rdh3 Rb8 29. Be1 c3 30. axb4 cxb2+ 31. Qxb2 Bxb4 32. Bxb4 Qxb4 33. Rb1 Qxb2+ 34. Rxb2 Ke7 35. Ka2 Rb5 36. c4 Rxb2+ 37. Kxb2 Rd8 38. Kc3 Rb8 39. Kc2 Rb4 40. Rc3 a3 41. Rxa3 Rxc4+ 42. Kd3 Rc1 43. Rc3 Rd1+ 44. Ke4 Re1+ 45. Kf3 Rf1+ 46. Kg4 Rg1+ 47. Kf3 1/2-1/2